Convex polytopes and the upper bound conjecture
Αποθηκεύτηκε σε:
| Κύριος συγγραφέας: | |
|---|---|
| Άλλοι συγγραφείς: | |
| Μορφή: | Βιβλίο |
| Γλώσσα: | English |
| Δημοσίευση: |
London :
Cambridge University Press,
1971
|
| Σειρά: | London Mathematical Society lecture note series ;
; 3 |
| Θέματα: | |
| Ετικέτες: |
Προσθήκη ετικέτας
Δεν υπάρχουν, Καταχωρήστε ετικέτα πρώτοι!
|
MARC
| LEADER | 00000cam a2200000 i 4500 | ||
|---|---|---|---|
| 001 | 1/19841 | ||
| 008 | 120523s1971 eng d | ||
| 020 | |a 0-521-08017-7 | ||
| 035 | |l 10112577 | ||
| 040 | |a GR-MY-UA |b gre |e aacr | ||
| 041 | 0 | |a eng | |
| 082 | 0 | |a 516.2 |2 (22) | |
| 100 | 1 | |a McMullen, Peter, |d 1942- | |
| 245 | 1 | 0 | |a Convex polytopes and the upper bound conjecture / |c P. McMullen and G. C. Shephard ; in collaboration with J. E. Reeve and A. A. Ball |
| 260 | |a London : |b Cambridge University Press, |c 1971 | ||
| 300 | |a iv, 184 σ.; |b εικ.; |c 23 εκ. | ||
| 490 | 1 | |a London Mathematical Society Lecture Note Series |v ; 3 | |
| 504 | |a Βιβλιογραφία: σ. 180-181 | ||
| 650 | 0 | 0 | |a Convex polytopes. |
| 700 | 1 | |a Shephard, G. C. |q (Geoffrey Colin) | |
| 830 | 0 | |a London Mathematical Society lecture note series ; |v ; 3 | |
| 852 | |a INST |b SAMOS |e 20120523 |h 516.2 MCM |p 005300033770 |q 005300033770 |t BK |y 0 | ||
| 901 | |a BIBL3-2012-2 | ||
| 909 | |a Σ |b 172290 | ||
| 970 | |a ΚΟΣΙΕΡΗΣ |b ΧΡΗΣΤΟΣ |z 2012/05/23 | ||